| 000 | 01509nam a2200421 a 4500 | ||
|---|---|---|---|
| 001 | 58542 | ||
| 003 | CO-BoRNBP | ||
| 005 | 20250826165220.0 | ||
| 007 | ta | ||
| 008 | 960426s1995 ck gr 000 j spa | ||
| 020 | _a9580703078 (colección) | ||
| 020 | _a958070919X (libro) | ||
| 040 |
_aCO-BoBN _bspa _cCO-BoBN |
||
| 082 |
_a891.733 _220 |
||
| 084 | _aC CHE1 | ||
| 100 | 1 |
_aChejov, Anton Pavlovich, _d1860-1904 _92719 |
|
| 240 | 1 | 0 | _aCuentos. |
| 245 | 1 | 3 |
_aEl hombre irascible / _cAnton Chejov |
| 250 | _a1a. edición | ||
| 300 |
_a151 p. ; _c19 cm |
||
| 336 |
_2rdacontent _atexto _btxt |
||
| 337 |
_2rdamedia _asin mediación _bn |
||
| 338 |
_2rdacarrier _avolumen _bnc |
||
| 490 | 0 | _aBiblioteca distinta | |
| 501 | _aCon: Chejov, la enorme brevedad del ser / Reinaldo Spitaletta H. -- De la Rusia de Chejov y otros fríos / José Guillermo Anjel R. | ||
| 505 | 2 | _aUna mujer insustancial -- Ladrones -- El hijo rebelde -- Un drama -- La cirugía -- La máscara | |
| 600 | 1 | 9 |
_aChejov, Anton Pavlovich, _d1860-1904 _xCrítica e interpretación _963454 |
| 650 |
_aCuentos rusos _ySiglo XIX _2LEMB _963455 |
||
| 700 | 1 |
_aSpitaletta Hoyos, Reinaldo, _d1954- . _tChejov, la enorme brevedad del ser _963456 |
|
| 700 | 1 |
_aAnjel Rendó, José Guillermo, _d1954-. _tDe la Rusia de Chejov y otros fríos _963457 |
|
| 740 | 0 | _aUna mujer insustancial | |
| 740 | 0 | _aLadrones | |
| 740 | 3 | _aEl hijo rebelde | |
| 740 | 0 | _aUn drama | |
| 740 | 3 | _aLa cirugía | |
| 740 | 3 | _aLa máscara | |
| 942 |
_2ddc _cBK |
||
| 999 |
_c58542 _d58542 |
||